Akumah (FC) v London Borough of Hackney (Record no. 74986)
[ view plain ]
| 000 -LEADER | |
|---|---|
| fixed length control field | 01862cab a2200217 4500 |
| 001 - CONTROL NUMBER | |
| control field | ABS68870 |
| 008 - FIXED-LENGTH DATA ELEMENTS--GENERAL INFORMATION | |
| fixed length control field | 050329n2005 000 0 eng u |
| 035 ## - SYSTEM CONTROL NUMBER | |
| System control number | (Sirsi) u129188 |
| 245 ## - TITLE STATEMENT | |
| Title | Akumah (FC) v London Borough of Hackney |
| 260 ## - PUBLICATION, DISTRIBUTION, ETC. | |
| Date of publication, distribution, etc. | 2005 |
| 520 ## - SUMMARY, ETC. | |
| Summary, etc. | [2005] UKHL 17, 3 March 2005. Considers whether the regulation and control of vehicle parking on a housing estate is a proper function of a local authority in the management of a housing estate under the Housing Act 1985 s21(1) and whether it facilitates, is conducive or incidental to a local authority's management of houses in the estate within the Local Government Act 1972 s111. Appeal by tenant (A) against the decision ([2002] EWCA Civ 582) dismissing his claim against the respondent local authority (H) for redress for parking ticket fines that A had been made to pay under H's estate parking scheme and damages for his car being wrongfully detained by clamping. "Held": appeal dismissed. Regulation and control of parking is an inherent part of managing the houses in a housing estate under s21(1) of the 1985 Act. S111 of the 1972 Act gave local authorities powers to do anything that was calculated to facilitate, was conducive or incidental to, the discharge of any of their functions. Parking regulation and control constituted a proper discharge of H's management of the houses on the estate. View judgment at www.parliament.the-stationery-office.co.uk. |
| 590 ## - LOCAL NOTE (RLIN) | |
| Local note | ABS |
| 650 ## - SUBJECT ADDED ENTRY--TOPICAL TERM | |
| Topical term or geographic name entry element | AKUMAH (FC) V LONDON BOROUGH OF HACKNEY |
| 650 ## - SUBJECT ADDED ENTRY--TOPICAL TERM | |
| Topical term or geographic name entry element | HOUSING ACT 1985 S21(1) |
| 650 ## - SUBJECT ADDED ENTRY--TOPICAL TERM | |
| Topical term or geographic name entry element | LOCAL GOVERNMENT ACT 1972 S111 |
| 650 ## - SUBJECT ADDED ENTRY--TOPICAL TERM | |
| Topical term or geographic name entry element | PARKING |
| 650 ## - SUBJECT ADDED ENTRY--TOPICAL TERM | |
| Topical term or geographic name entry element | HOUSING ESTATES |
| 690 ## - LOCAL SUBJECT ADDED ENTRY--TOPICAL TERM (OCLC, RLIN) | |
| Topical term or geographic name as entry element | PROPERTY MANAGEMENT-RESIDENTIAL PROPERTY |
| 856 ## - ELECTRONIC LOCATION AND ACCESS | |
| Uniform Resource Identifier | <a href="https://www.publications.parliament.uk/pa/ld200405/ldjudgmt/jd050303/hack.htm">https://www.publications.parliament.uk/pa/ld200405/ldjudgmt/jd050303/hack.htm</a> |
| Public note | View the judgment on the UK Parliament website... |
| 942 ## - ADDED ENTRY ELEMENTS (KOHA) | |
| Suppress in OPAC | 0 |
| Withdrawn status | Lost status | Source of classification or shelving scheme | Damaged status | Not for loan | Home library | Current library | Shelving location | Date acquired | Total Checkouts | Full call number | Barcode | Date last seen | Copy number | Price effective from | Koha item type |
|---|---|---|---|---|---|---|---|---|---|---|---|---|---|---|---|
| Dewey Decimal Classification | London | London | Journal article | 29/03/2005 | ABS68870 | 129188-1001 | 06/08/2019 | 1 | 06/08/2019 | Law report |